000 00590nam a22002297a 4500
001 87650
003 UA-OsUOA
005 20211109224047.0
007 ta
008 20120920b un ||||| |||| 00| 0 ukr d
040 _aUA-OsUOA
_brus
_cUA-OsUOA
_dUA-OsUOA
041 _arus
080 _a94(470+571)
090 _a94(470+571)
_bК43
100 _aКирьянов Ю. И.
245 _aРабочие юга России (1914 - февраль 1917 г.)
260 _aМ.
_bНаука
_c1971
300 _a305 с.
650 7 _a94 Історія
_2UDC
942 _cBK
_2udc
955 _a1
999 _c373938
_d373938